000 00429nam a2200205Ia 4500
001 003907
003 YMCAF
005 20230512160238.0
008 100717s1974 ||||||||||||||||| ||und|d
024 _a3907
035 _a3912
040 _aYMCAF
_beng
_cIN-KoLT
041 _aeng
082 _aSUR-CUR
100 _aCURRICULUM DEV
245 0 _aSURVEY FOR JOB ANALYSIS
260 _c1974
300 _a73
942 _2ddc
_cBK
999 _c3104
_d3104